Quizzes
Events
Quiz Creation
Community
Videos
Private Events
Remove Ads
Sign In
Join for FREE
Feedback
Dark Mode
Quiz Categories
Sports
Geography
Music
Movies
Television
Just For Fun
Miscellaneous
History
Literature
Language
Science
Gaming
Entertainment
Religion
Holiday
For Kids
Quiz Lab
Recent
Popular Today
Quiz Kudos Today
Editor Picks
Curator Picks
Quizzes by...
Day
Popularity
Type
Ratings
Length
Year
Community
Subscriptions
Recent Discussions
Orange Saloon
Badges
Playlists
Quests
Create
Leaderboards
Showdown
Live 5
Trivia Bingo
Activity
Puzzle Library
Sporcle Events
Private Events
Virtual Trivia
Globe League
Become a Host
Pub Owners
SporcleCon
Opinionation
Our Games
Videos
Blog
Mobile Apps
Partnerships
Remove Ads and Go Orange
Feedback
Sports
Athletes
MLB
NBA
NHL
NFL
Soccer
Sports Teams
WWE
NCAA
Football
Premier League
Basketball
Baseball
Hockey
Golf
Tennis
Cricket
Rugby
Auto Racing
Olympics
World Cup
Sports
Athletes
MLB
NBA
NHL
NFL
Soccer
Sports Teams
WWE
NCAA
Football
Premier League
Basketball
Baseball
Hockey
Golf
Tennis
Cricket
Rugby
Auto Racing
Olympics
World Cup
Random Quiz
Search Sporcle
×
Quiz Lab
Quiz Lab
Sports
NHL
Type in answers that appear in a list
Type in answers that appear in a list
Classic
Best Score? Go Orange.
NHL All-Time Assist Leaders Stats
Can you name the NHL All-Time Assist Leaders?
By
jscully12
13m
50 Questions
112 Plays
112 Plays
112 Plays
Comments
Comments
Give Quiz Kudos
Give Quiz Kudos
-
- Ratings
hide this ad
More Info
Replay
Link that replays current quiz
Next Quiz
Link to next quiz in quiz playlist
You Got
0%
They Got
Avg Score
71%
Avg Friend Score
Upgrade to see
Score Distribution
Jump to the score distribution portion of the page
Score
0/50
Timer
13:00
0
Plays Today
Assists
Name
% Correct
1963
Wayne Gretzky
99.1%
1193
Mark Messier
96.4%
1063
Steve Yzerman
92.9%
1049
Gordie Howe
92.9%
1033
Mario Lemieux
92.9%
953
Jaromir Jagr
91.1%
802*
Mike Modano
90.2%
1249
Ron Francis
89.3%
1016
Joe Sakic
89.3%
1079
Adam Oates
86.6%
901
Brian Trottier
84.8%
1169
Ray Bourque
83%
1135
Paul Coffey
83%
873
Phil Esposito
83%
793
Guy Lafleur
82.1%
797
Jarri Kurri
81.3%
1040
Marcel Dionne
80.4%
785
Mats Sundin
79.5%
726
Luc Robitaille
78.6%
809*
Nicklas Lidstrom
77.7%
922*
Mark Recchi
75.9%
852
Bobby Clarke
75.9%
926
Stan Mikita
73.2%
781
Brian Leetch
73.2%
703
Jeremy Roenick
72.3%
Assists
Name
% Correct
934
Al MacInnis
70.5%
698
Brendan Shanahan
70.5%
742
Dennis Potvin
69.6%
865
Denis Savard
68.8%
891
Dale Hawerchuk
67.9%
712
Jean Beliveau
67.9%
812
Pierre Turgeon
67%
698
Dave Andreychuk
65.2%
712
Scott Stevens
63.4%
964
Doug Gilmour
62.5%
814
Gilbert Perreault
62.5%
750
Larry Robinson
61.6%
894
Phil Housley
60.7%
789
Peter Stastny
58.9%
763*
Chris Chelios
58%
732
Rod Brind'Amour
57.1%
929
Larry Murphy
56.3%
813
Johnny Bucyk
56.3%
748*
Doug Weight
54.5%
825
Alex Delvecchio
49.1%
776
Jean Ratelle
45.5%
761
Bernie Federko
44.6%
734
Bernie Nicholls
43.8%
773
Vincent Damphousse
42%
739
Norm Ullman
24.1%
Quiz Playlist
Details
Report
Send in Message
Add To Playlist
More Info:
Can you name the Top 50 All-Time NHL assist leaders * Denotes Active Player
Classic:
Type in answers that appear in a list
Quiz Source
Last Updated: Feb 16, 2017
Quiz Scoreboard
CHALLENGE
Sign Up to Join the Scoreboard
Show All
Scores
Hide
Comments
May contain spoilers
Recently Published
College Basketball Coaching Resumes
by pancakes188
Sports
9m
Billboard Blitz: Fleetwood Mac
by CooCooCachoo
Music
15s
Presidents Visiting Landmarks
by Hejman
History
7m
More to Explore
Quiz From the Vault
Featured Blog Post
Where Did the Easter Bunny Come From?
hide this ad
You Might Also Like...
Tags
NHL Quiz
assist
Assist Leaders
Today's Top Quizzes in Sports
Browse Sports
hide this ad
Today's Top Quizzes in NHL
Browse NHL
Top Contributed Quizzes in Sports
1
2022 World Cup Stars
2
Les meilleurs buteurs des matchs entre le PSG et l’OM
3
FIFA Club World Cup Champions
4
Les entraîneurs de l'OM et du PSG au 21e siècle
5
Criteria MLB: Left Handed Sluggers
6
AFC Teams Reveal (Wrong Answers Minefield)
7
2023 MLB Unique Player Accomplishments
8
Players with Multiple 50 Home Run Seasons
9
5-to-1: FBS Animal Nicknames
10
5-to-1: UK Sports Teams
Explore More
Trending Topics
Kpop
Crossword
Marvel
NBA
Disney
Harry Potter
Anime
Song
Pokémon
Soccer
NFL
Puzzle
The Office
WWE
Country
hide this ad
More By:
jscully12
Quiz
Plays
Rating
Category
Featured
Created
MLB .340 Career Hitters
178
3.33
Sports
Jul 2, 2010
NHL All-Time Assist Leaders
112
3.00
Sports
Jul 30, 2010
Raymond Chandler Novels
50
2.50
Literature
Jul 21, 2010
Go to Creator's Profile
Score Distribution
Quiz Creator Spotlight
jscully12
Follow
Send a Message
Quizzes Created
-
Created Quiz Play Count
-
More By This Creator
Popular Quizzes Today
1
Find the US States - No Outlines Minefield
2
Find the Countries of Europe - No Outlines Minefield
3
The Countries of the World
4
Find the US States
5
Risky Map Clicking: Biggest States A-Z
6
US States
7
Popular People in 1961
8
Movies - When Are They Set?
More Sports Quizzes
I-A 2000-Yard Rushers
Published
Trending Quizzes
Risky Map Clicking: Least Populous States A-Z
1-10 Letter G Words
1-10 Letter F Words
Risky Map Clicking: Next State Alphabetically
Risky Map Clicking: Biggest States A-Z
Recently Updated
Leaping Animals
pecheneg
Reality TV Shows (A-Z)
bhenderson79
Rickey Henderson's Hall of Fame Teammates
pecheneg
Champions League XIs: Arsenal
pecheneg
Quick Pick: Celebrities in WWE's Hall of Fame
aduchscher
A-Z Keypad Blitz II
pecheneg
Multiple Oscar Actors
pecheneg
Mystery Phrase Blitz: Oscar 'Best Actors'
pecheneg
F. Scott Fitzgerald Novels
LTH
Pick 3 Villains
ddd62291
Trending Topics
Marvel
Harry Potter
Disney
Kpop
Anime
NBA
Crossword
The Office
Country
NFL
Song
Pokémon
Puzzle
Soccer
WWE
Your Account Isn't Verified!
In order to create a playlist on Sporcle, you need to verify the email address you used during registration. Go to your
Sporcle Settings
to finish the process.
Report this User
Report this user for behavior that violates our
Community Guidelines
.
Details:
Send Report
Go to the Sporcle.com Mobile Site →
Comments